00783nam a2200169Ia 450000500170000000800410001702000180005808200210007610000340009724501180013126000290024930000120027865000740029094200070036499900190037195202230039020250515152049.0231217s9999 xx 000 0 und d a9780749447687 a658.04 THE;1 R aTheobald, Theo. Cooper, Cary. 0aBusiness and the beautiful game : how you can apply the skills and passion of football to be a winner in business c2006bKogan PageaLondan avi, 152 aBusiness,beautiful,game,can,apply,passion,football,be,winner,business cAA c190613d190613 r2024-01-26 00:00:00l0o658.04 THE;1 Rp76158W20v156.00w2024-01-26yAA1040708CL00KSIPHO/2010/CRB/466L27/02/2015aMLbMLcCLd2010-12-30eSurya Infotainment Products Pvt. Ltd.g195.00EMBAGRSF1V39URupees